Lyrics to 'Too Good to Say Goodbye' by Bruno Mars - Statistics

General Stats
  • This quiz has been taken 43 times
  • The average score is 310 of 380
Answer Stats
Answer % Correct
a
100%
go
100%
I
100%
It
100%
it
100%
to
100%
you
100%
you?
100%
You
100%
Ain't
94%
ain't
94%
can
94%
do
94%
love
94%
me
94%
nobody
94%
Tell
94%
tell
94%
the
94%
way
94%
we
94%
your
94%
and
88%
And
88%
baby
88%
be
88%
best
88%
can't
88%
friend
88%
good
88%
goodbye
88%
Goodbye
88%
like
88%
my
88%
say
88%
too
88%
try
88%
why
88%
again?
82%
girl
82%
Girl
82%
gonna
82%
make
82%
mine
82%
mistakes
82%
what
82%
You're
82%
you're
82%
better
76%
Cause
76%
find
76%
get
76%
have
76%
made
76%
more
76%
never
76%
story
76%
than
76%
This
76%
this
76%
treated
76%
up
76%
was
76%
world
76%
after
71%
could
71%
ends
71%
ever
71%
our
71%
remember
71%
start
71%
were
71%
we're
71%
when
71%
against
65%
away
65%
how
65%
I've
65%
know
65%
let
65%
man
65%
There
65%
Don't
59%
goes
59%
happily
59%
is
59%
it's
59%
It's
59%
feel
53%
give
53%
I'm
53%
in
53%
of
53%
same
53%
that
53%
Yeah
53%
broken
47%
hand
47%
missing
47%
So
47%
still
47%
Take
47%
take
47%
with
47%
won't
47%
being
41%
chance
41%
darling
41%
got's
41%
late
41%
let's
41%
listen?
41%
us
41%
wanna
41%
all
35%
both
35%
for
35%
hearted?
35%
pray
35%
What's
35%
If
29%
point
29%
days
24%
fight
24%
c'mon
18%
No matching quizzes found
Score Distribution
Percent of People with Each Score
Percentile by Number Answered
Your Score History
You have not taken this quiz